000 00687nam a2200229 u 4500
005 20230530063602.0
008 161103s2015 r 000 0 eng d
020 _a9788497849821 (Gedisa)
020 _a9786072804302 (UAM)
035 _aUPN01000214467
049 _aCG
050 4 _aPQ7153
_bE8.5
100 1 _aEscalante, Evodio,
_d1946-
_940036
245 1 4 _aLas metáforas de la crítica /
_cEvodio Escalante.
260 _aMéxico :
_bUAM-Iztapalapa :
_bGedisa,
_c2015.
300 _a288 p.
440 0 _aEsquinas
650 4 _aLiteratura mexicana
_xHistoria y crítica
_ySiglo XX
_915745
650 4 _aCRITICA LITERARIA -
_zMEXICO
_912790
905 _aLibro
999 _c186567
_d186567